Statistics for Justin Bieber Facts

Click here to take the quiz!

General Stats

  • This quiz has been taken 19,929 times
    (4,831 since last reset)
  • The average score is 12 of 17

Answer Stats

Hint Answer % Correct
What country is he from?Canada
99%
What is the term for a person who "believes" in Bieber?Belieber
89%
What website was he discovered on?YouTube
89%
Who did he date on and off between 2010 and 2015?Selena Gomez
88%
What artist, also named Justin, tried to sign him but lost out?Justin Timberlake
85%
Is it to late now to say _____?Sorry
83%
What song by Carly Rae Jepsen rocketed to #1 after Justin tweeted about it?Call Me Maybe
80%
What 2010 song by Justin Bieber has the most dislikes of any video on YouTube?Baby
78%
What brand of underwear does he promote?Calvin Klein
78%
What type of product is "Someday by Justin Bieber"?Perfume
73%
'Cause if you like the way you look that much, oh baby you should go and ____ ________Love Yourself
71%
What popular R&B artist signed him?Usher
67%
When you nod your head yes, but you wanna say noWhat Do You Mean?
56%
What type of animal is "OG Mally", illegally purchased by Bieber in 2013?Capuchin Monkey
54%
What singer is the only person with more Twitter followers?Katy Perry
54%
What country banned Justin Bieber in 2017, saying "it is not suitable to
bring in badly behaved entertainers"?
China
51%
Who is his manager?Scooter Braun
36%

Score Distribution

Percentile by Number Answered

Percent of People with Each Score

Your Score History

You have not taken this quiz since the last reset